College Quizbowl Stats
College Quizbowl Stats
Circuits
Seasons
Sets
Records
Detailed Stats
About
Loading...
Pacific
Tossups
Bonuses
Players
Teams
Categories (Tossup)
Categories (Bonus)
Nivedh Mudiam
Arizona State B
Categories
Category
Powers
Gets
Negs
BBs
Points
Earliest Buzz
Avg. Buzz
First Buzzes
Top 3 Buzzes
BPA
PVF
Science - Chemistry
0
2
1
1
15
75
90.00
0
1
0.00
0.00
Current Events
0
1
0
1
10
94
94.00
0
0
0.00
0.00
Science - Biology
0
0
1
0
-5
0.00
0
0
0.00
0.00
Buzzes
Category
Answer
Value
Buzz Position
Science - Chemistry
carbon monoxide
10
75
Science - Biology
mRNA
-5
81
Science - Chemistry
anodes
-5
93
Current Events
electricity
10
94
Science - Chemistry
fluorine
10
105
Previous
1
Next